| 000 | 00785cab a2200241 4500 | ||
|---|---|---|---|
| 001 | WB3045-34 | ||
| 008 | 090401t1994 xxu||||| |||| 00| 0 eng d | ||
| 035 | _a(Sirsi) u16403 | ||
| 041 | _aeng | ||
| 245 | _aLondon housing needs not met | ||
| 260 | _c1994 | ||
| 350 | _a0 | ||
| 490 |
_aIndependent _v28 November 1994, 6(1) |
||
| 520 | _aOne in four households falls below acceptable standards and London faces a shortage of 100,000 affordable family homes by 1998 unless current building programmes increase four-fold according to the London Research Centre. | ||
| 650 |
_aAffordable housing _96215 |
||
| 650 | _aHOUSING NEEDS | ||
| 650 | _aHOUSING STANDARDS | ||
| 650 | _aSTATISTICS | ||
| 650 | _aUNFIT HOUSES | ||
| 690 | _aHOUSING | ||
| 942 | _n0 | ||
| 948 | _c04/03/1997 | ||
| 999 |
_c10794 _d10794 |
||